Magyar tájak- megyei alkotások
Elmentve itt :
| Szerző: | |
|---|---|
| Dokumentumtípus: | Cikk |
| Megjelent: |
1978-04-21
|
| Sorozat: | Délmagyarország
68 No. 93 |
| Kulcsszavak: | Mészöly Laura, képzőművészet |
| Online Access: | http://dmarchiv.bibl.u-szeged.hu/97385 |
| LEADER | 00465nab a2200157 i 4500 | ||
|---|---|---|---|
| 001 | delm97385 | ||
| 005 | 20190517115729.0 | ||
| 008 | 190517s1978 hu o 0|| hun d | ||
| 040 | |a SZTE Délmagyarország Archívum |b hun | ||
| 041 | |a hun | ||
| 100 | 1 | |a Tandi Lajos | |
| 245 | 1 | 0 | |a Magyar tájak- megyei alkotások |h [elektronikus dokumentum] / |c Tandi Lajos |
| 260 | |c 1978-04-21 | ||
| 300 | |a 5 | ||
| 490 | 0 | |a Délmagyarország |v 68 No. 93 | |
| 695 | |a Mészöly Laura, képzőművészet | ||